=LDR 00000nam 2200000 4500 =001 INLIS000000000013361 =005 20130612104752 =008 ***********************************Ind** =035 ##$$0010-061300000013361 =041 ##$$a Ind =082 ##$$a 658.401 =090 ##$$a 658.401, She m =100 ##$$a Sherman, James R =245 ##$$a Manajer, Strategi perencanaan untuk meraih sukses, James R. Sherman ;penerjemah, Agus Suryana =260 ##$$a (s.a) $b Jakarta =300 ##$$a 72 hlm, 23 cm =650 ##$$a Manajemen perencanaan =700 ##$$a Suryana, Agus =850 ##$$a NBPNMAT